Word Search Boxes #1 - Statistics

General Stats
  • This quiz has been taken 947 times
  • The average score is 5 of 10
Answer Stats
Hint Answer % Correct
Fruit Mango
77%
Instrument Piano
66%
Country Syria
50%
Colour White
50%
River Rhine
48%
US President Obama
44%
Movie Title Rocky
38%
Boy's Name James
37%
Girl's Name Alice
31%
Capital City Seoul
28%
No matching quizzes found
Score Distribution
Percent of People with Each Score
Percentile by Number Answered
Your Score History
You have not taken this quiz